Manual de historia de Chile: desde la Prehistoria hasta 1973
Zapisane w:
| 1. autor: | |
|---|---|
| Format: | Książka |
| Język: | hiszpański |
| Wydane: |
Santiago, Chile
Zig-Zag
1995
|
| Wydanie: | Décimo tercera edición |
| Hasła przedmiotowe: | |
| Etykiety: |
Dodaj etykietę
Nie ma etykietki, Dołącz pierwszą etykiete!
|
MARC
| LEADER | 00000nam a2200000 a 4500 | ||
|---|---|---|---|
| 001 | UCZ2927 | ||
| 003 | CL-VaPUC | ||
| 005 | 20210604001558.0 | ||
| 008 | 951013e19950000CL |||||||||||||||||spa|d | ||
| 999 | |c 239463 |d 239461 | ||
| 040 | |c Pontificia Universidad Católica de Valparaíso | ||
| 082 | 0 | 4 | |a 983 FRI 1995 |2 21 |
| 100 | 0 | |a Frías Valenzuela, Francisco |e author |9 346737 | |
| 245 | 1 | 0 | |a Manual de historia de Chile: desde la Prehistoria hasta 1973 |
| 250 | |a Décimo tercera edición | ||
| 260 | |a Santiago, Chile |b Zig-Zag |c 1995 | ||
| 300 | |a 493 páginas | ||
| 583 | |a last modification |c 19951013 00:00:00 |k Rodrigo Vera | ||
| 650 | 0 | |a Historia |9 255047 | |
| 852 | |a BIBCUR | ||
| 942 | |c BK |2 ddc | ||
| 945 | |d 19951013 00:00:00 |a awong | ||
| 952 | |0 0 |1 0 |2 ddc |4 0 |6 983_000000000000000_FRI_1995 |7 0 |8 A |9 250609 |a BIBHIS |b BIBHIS |d 2019-11-18 |i 3141160 |l 2 |o 983 FRI 1995 |p 3141160 |r 2025-01-20 |s 2023-09-01 |t 1 |w 2019-11-18 |y BK |k HIS | ||